=LDR 00000nam 2200000 4500 =001 INLIS000000000040715 =005 20130612150257 =008 ***********************************ind** =035 ##$$0010-061300000040715 =041 ##$$a ind =082 ##$$a 633.51 =090 ##$$a 633.51 , Sud ,p =100 ##$$a Sudarmo, Subiyakto =245 ##$$a Pengendalian serangga hama dan penyabit kapas , Subiyakto Sudarmo =260 ##$$a 1992 $b Yogyakarta =300 ##$$a 69 hlm. , Illus , 21 cm =650 ##$$a KAPAS - HAMA DAN PENYAKIT =850 ##$$a NBPNMAT